Statistics for Every My Chemical Romance Song

Click here to take the quiz!

General Stats

  • This quiz has been taken 21 times
  • The average score is 59 of 86

Answer Stats

AlbumLengthSong% Correct
The Black Parade2:22Cancer
100%
The Black Parade2:53Blood
94%
The Black Parade3:15Dead!
94%
The Black Parade4:39Mama
94%
Danger Days: The True Lives Of The Fabulous Killjoys3:25Na Na Na (Na Na Na Na Na Na Na Na Na)
94%
The Black Parade4:59Famous Last Words
88%
Three Cheers For Sweet Revenge3:22Helena
88%
The Black Parade2:41Teenagers
88%
The Black Parade1:52The End.
88%
The Black Parade3:20The Sharpest Lives
88%
The Black Parade3:59This Is How I Disappear
88%
The Black Parade5:11Welcome To The Black Parade
88%
Three Cheers For Sweet Revenge2:53You Know What They Do To Guys Like Us In Prison
88%
I Brought You My Bullets, You Brought Me Your Love6:06Demolition Lovers
82%
Danger Days: The True Lives Of The Fabulous Killjoys4:32DESTROYA
82%
The Black Parade4:55Disenchanted
82%
I Brought You My Bullets, You Brought Me Your Love3:51Honey, This Mirror Isn't Big Enough For The Two Of Us
82%
The Black Parade3:03House Of Wolves
82%
The Black Parade3:58I Don't Love You
82%
Three Cheers For Sweet Revenge3:22The Ghost Of You
82%
Three Cheers For Sweet Revenge3:37The Jetset Life Is Gonna Kill You
82%
Danger Days: The True Lives Of The Fabulous Killjoys3:38Vampire Money
82%
I Brought You My Bullets, You Brought Me Your Love5:26Vampires Will Never Hurt You
82%
I Brought You My Bullets, You Brought Me Your Love3:51Cubicles
76%
Three Cheers For Sweet Revenge2:18Give 'Em Hell, Kid
76%
I Brought You My Bullets, You Brought Me Your Love3:28Headfirst For Halos
76%
The Black Parade4:28Kill All Your Friends
76%
Danger Days: The True Lives Of The Fabulous Killjoys3:35Party Poison
76%
I Brought You My Bullets, You Brought Me Your Love1:02Romance
76%
Danger Days: The True Lives Of The Fabulous Killjoys4:28S/C/A/R/E/C/R/O/W
76%
I Brought You My Bullets, You Brought Me Your Love3:23Skylines And Turnstiles
76%
Danger Days: The True Lives Of The Fabulous Killjoys4:06Summertime
76%
Three Cheers For Sweet Revenge3:01To The End
76%
Conventional Weapons: Number 23:52AMBULANCE
71%
Conventional Weapons: Number 12:55Boy Division
71%
Danger Days: The True Lives Of The Fabulous Killjoys4:56Bulletproof Heart
71%
Three Cheers For Sweet Revenge3:08Cemetery Drive
71%
Life On The Murder Scene3:50Desert Song
71%
I Brought You My Bullets, You Brought Me Your Love5:05Early Sunsets Over Monroeville
71%
The Black Parade / Living With Ghosts3:11Emily
71%
Three Cheers For Sweet Revenge2:47Hang 'Em High
71%
Three Cheers For Sweet Revenge3:51I Never Told You What I Do For A Living
71%
Three Cheers For Sweet Revenge0:57Interlude
71%
Three Cheers For Sweet Revenge3:30It's Not A Fashion Statement, It's A Deathwish
71%
Conventional Weapons: Number 43:08Kiss The Ring
71%
I Brought You My Bullets, You Brought Me Your Love2:05Our Lady Of Sorrows
71%
Danger Days: The True Lives Of The Fabulous Killjoys4:30SING
71%
The Black Parade4:43Sleep
71%
Three Cheers For Sweet Revenge3:41Thank You For The Venom
71%
Danger Days: The True Lives Of The Fabulous Killjoys4:32The Only Hope For Me Is You
71%
I Brought You My Bullets, You Brought Me Your Love2:12This Is The Best Day Ever
71%
Gift Wrapped: Regifted3:44All I Want For Christmas Is You
65%
I Brought You My Bullets, You Brought Me Your Love4:23Drowning Lessons
65%
Three Cheers For Sweet Revenge3:07I'm Not Okay (I Promise)
65%
The Black Parade2:58My Way Home Is Through You
65%
Danger Days: The True Lives Of The Fabulous Killjoys4:06Planetary (GO!)
65%
Danger Days: The True Lives Of The Fabulous Killjoys5:24The Kids From Yesterday
65%
Conventional Weapons: Number 35:12The Light Behind Your Eyes
65%
The Black Parade / Living With Ghosts3:13All The Angels
59%
May Death Never Stop You3:20Fake Your Death
59%
Danger Days: The True Lives Of The Fabulous Killjoys1:59Goodnite, Dr. Death
59%
Conventional Weapons: Number 23:39Gun.
59%
Danger Days: The True Lives Of The Fabulous Killjoys0:29Look Alive, Sunshine
59%
Conventional Weapons: Number 43:41Make Room!!!!
59%
Danger Days: The True Lives Of The Fabulous Killjoys3:50Save Yourself, I'll Hold Them Back
59%
Single6:00The Foundations Of Decay
59%
Conventional Weapons: Number 34:54The World Is Ugly
59%
Single3:31Under Pressure
59%
Tony Hawk's American Wasteland2:11Astro Zombies
53%
Conventional Weapons: Number 54:17Burn Bright
53%
Yo Gabba Gabba! Hey!1:29Every Snowflake Is Different (Just Like You)
53%
The Black Parade2:55Heaven Help Us
53%
Danger Days: The True Lives Of The Fabulous Killjoys0:26Jet-Star And The Kobra Kid / Traffic Report
53%
The Black Parade / Living With Ghosts3:49The Five Of Us Are Dying
53%
Life On The Murder Scene2:37Bury Me In Black
47%
The Mad Gear And Missile Kid EP2:27F.T.W.W.W.
47%
Danger Days: The True Lives Of The Fabulous Killjoys4:27We Don't Need Another Song About California
47%
The Mad Gear And Missile Kid EP1:36Black Dragon Fighting Society
41%
The Mad Gear And Missile Kid EP1:44Mastas Of Ravenkroft
41%
Conventional Weapons: Number 53:27Surrender The Night
41%
Conventional Weapons: Number 13:16Tomorrow's Money
41%
Danger Days: The True Lives Of The Fabulous Killjoys2:46Zero Percent
41%
The Black Parade / Living With Ghosts3:02Not That Kind Of Girl
35%
The Only Hope For Me Is You5:35Common People
29%
The Black Parade / Living With Ghosts2:47Party At The End Of The World
29%
Single3:47#SINGItForJapan
18%

Score Distribution

Percentile by Number Answered

Percent of People with Each Score

Your Score History

You have not taken this quiz